التعلم التجريبي : (رقم التسجيلة. 28900)

تفاصيل مارك
000 -الفاتح
حقل البيانات ثابتة الطول 00735nam a2200193 a 4500
003 - محدد رقم الضبط
رقم الضبط OSt
005 - وقت وتاريخ اخر تعامل مع التسجيلة
رقم الضبط 20150408114125.0
008 - عناصر البيانات ثابتة الطول - معلومات عامة
حقل البيانات ثابتة الطول 130313s2011 ts a g |||| 00| 0 ara d
040 ## - مصدر الفهرسة
وكالة الفهرسة الأصلية MA_UN
082 04 - رقم تصنيف ديوى العشرى
رقم الطبعة 21
رقم التصنيف 370.15
رقم المادة م ح ت
100 1# - المدخل الرئيسى - إسم شخصى
الإسم الشخصى المولى، حميد مجيد
9 (RLIN) 22337
245 12 - بيان العنوان
العنوان التعلم التجريبي :
بقية العنوان أسلوب لبناء المعرفة /
بيان المسئوليه,etc حميد مجيد المولى.
250 ## - بيان الطبعة
بيان الطبعة ط. 1.
260 ## - PUBLICATION, DISTRIBUTION, ETC. (IMPRINT)
مكان الناشر او الموزع العين، الإمارات العربية المتحدة :
اسم الناشر او الموزع دار الكتاب الجامعي،
تاريخ النشر أو التوزيع 2011
-- [1432]
300 ## - الوصف المادى
التعداد 343 ص. :
تفاصيل ماديه اخرى للوعاء إيض. ؛
أبعاد الوعاء 24 سم.
650 #7 - المدخل الاضافى بالموضوع-مصطلح موضوعى
مصدر الرأس أو المصطلح aucsh
مصطلح موضوعي أو اسم جغرافي كعنصر مدخل علم النفس التربوي
650 #7 - المدخل الاضافى بالموضوع-مصطلح موضوعى
مصدر الرأس أو المصطلح aucsh
مصطلح موضوعي أو اسم جغرافي كعنصر مدخل علم الاجتماع التربوي
942 ## - عناصر المدخل الإضافي( كوها)
مصدر التصنيف او مخطط الترفيف Dewey Decimal Classification
Koha [default] item type كتاب
المقتنيات
حالة الفقد نموذج السعر الفعال حالة تلف ليس للاعارة رقم الطلب رقم النسخة تاريخ الاكتساب الموقع الحالي الباركود الفرع الرئيسي Date last seen نوع المادة فى نظام كوها مصدر التصنيف او خطة الترفيف Total Checkouts
  2013-03-27   Not For Loan 370.15 م ح ت 1 2013-03-27 المكتبة المركزية بالمجمعة (CL) 00204763 المكتبة المركزية بالمجمعة (CL) 2013-03-27 كتاب Dewey Decimal Classification  
  2013-03-27     370.15 م ح ت 2 2013-03-27 المكتبة المركزية بالمجمعة (CL) 00204764 المكتبة المركزية بالمجمعة (CL) 2013-03-27 كتاب Dewey Decimal Classification  
  2013-03-27     370.15 م ح ت 3 2013-03-27 المكتبة المركزية بالمجمعة (CL) 00204765 المكتبة المركزية بالمجمعة (CL) 2013-03-27 كتاب Dewey Decimal Classification  
  2013-09-08     370.15 م ح ت   2013-09-08 قسم الاجراءات الفنية (IC) 00115970 قسم الاجراءات الفنية (IC) 2013-09-08 كتاب Dewey Decimal Classification  
  2013-09-08     370.15 م ح ت   2013-09-08 قسم الاجراءات الفنية (IC) 00115971 قسم الاجراءات الفنية (IC) 2013-09-08 كتاب Dewey Decimal Classification  
  2013-09-08     370.15 م ح ت   2013-09-08 قسم الاجراءات الفنية (IC) 00115972 قسم الاجراءات الفنية (IC) 2013-09-08 كتاب Dewey Decimal Classification  
  2013-09-08     370.15 م ح ت   2013-09-08 قسم الاجراءات الفنية (IC) 00115973 قسم الاجراءات الفنية (IC) 2013-09-08 كتاب Dewey Decimal Classification  
  2013-09-08     370.15 م ح ت   2013-09-08 مكتبة مجمع الطالبات بالمجمعة (EMF) 00115974 مكتبة مجمع الطالبات بالمجمعة (EMF) 2013-09-08 كتاب Dewey Decimal Classification  
  2013-09-08     370.15 م ح ت   2013-09-08 مكتبة مجمع الطالبات بالمجمعة (EMF) 00115975 مكتبة مجمع الطالبات بالمجمعة (EMF) 2013-09-08 كتاب Dewey Decimal Classification  
  2013-09-08     370.15 م ح ت   2013-09-08 مكتبة مجمع الكليات بالزلفى - طلاب (SZM) 00115967 مكتبة مجمع الكليات بالزلفى - طلاب (SZM) 2013-09-08 كتاب Dewey Decimal Classification  
  2013-09-08     370.15 م ح ت   2013-09-08 مكتبة مجمع الكليات بالزلفى - طلاب (SZM) 00115968 مكتبة مجمع الكليات بالزلفى - طلاب (SZM) 2013-09-08 كتاب Dewey Decimal Classification  
  2013-09-08     370.15 م ح ت   2013-09-08 مكتبة مجمع الكليات بالزلفى - طلاب (SZM) 00115969 مكتبة مجمع الكليات بالزلفى - طلاب (SZM) 2013-09-08 كتاب Dewey Decimal Classification